LEADER 00999nam2-2200313---450 001 990003552450203316 005 20220523091122.0 035 $a000355245 035 $aUSA01000355245 035 $a(ALEPH)000355245USA01 035 $a000355245 100 $a20110720h2000----km-y0itay50------ba 101 $afre 102 $aBE 105 $aaf--||||001yy 200 1 $a21. Defensible sites in Crete, c. 1200-800 B.C.$eLM IIIB/IIIC through early geometric$fKrzysztof Nowicki 210 $aLiège$cUniversité de Liège$aAustin$cUniversity of Austen$d2000 215 $a293 p., 54 p. di tav.$cill.$d30 cm 461 0$1001000318661$12001$aAegaeum 606 0 $aCreta$xOggetti di scavo$2BNCF 676 $a938.01 700 1$aNOWICKI,$bKrzysztof$0459432 801 0$aIT$bsalbc$gISBD 912 $a990003552450203316 951 $aXI.3.B. 625$b232563 L.M.$cIX.3.$d00298064 959 $aBK 969 $aUMA 996 $a21. Defensible sites in Crete, c. 1200-800 B.C$92843118 997 $aUNISA LEADER 00524nam 2200205 450 001 996595272603316 005 20240520124524.0 010 $a9780198261810 100 $a20240520d2005----km y0itay5003 ba 105 $ay 00 y 200 1 $aThe Apocryphal New Testament 210 $cOxford University Press$d2005 215 $dcm 606 0 $2BNCF 700 $aJ. K. Elliott$0171578 801 0$aIT$bcba$gREICAT 912 $a996595272603316 959 $aBK 996 $aThe Apocryphal New Testament$94168540 997 $aUNISA